| 000 | 00395nam a22001457a 4500 | ||
|---|---|---|---|
| 999 |
_c7713 _d7711 |
||
| 005 | 20210322112528.0 | ||
| 008 | 210322b ||||| |||| 00| 0 eng d | ||
| 082 | _a346.066 | ||
| 100 |
_aAIYAR, A.N. _96466 |
||
| 245 | _aCOMPANY CASES THE CORPORATE LAW WEEKLY [VOL-197] | ||
| 260 |
_aCHENNAI _bCOMPANY LAW INSTITUTE OF INDIA _c2016 |
||
| 300 | _a480, i-xvi;p | ||
| 650 |
_aLAW _95701 |
||
| 942 | _cJRL | ||